[Event "Kirov-ch"]
[Site "Kirov"]
[Date "2019.04.05"]
[Round "5"]
[White "Zboev, Nikita"]
[Black "Bessonov, Arsenij"]
[Result "1-0"]
[WhiteElo "2227"]
[BlackElo "1636"]
[PlyCount "23"]
[EventDate "2019.04.01"]
[EventType "swiss"]
[EventRounds "9"]
[EventCountry "RUS"]
[SourceTitle "CBM 190 Extra"]
[Source "ChessBase"]
[SourceDate "2019.07.15"]
[SourceVersion "1"]
[SourceVersionDate "2019.07.15"]
[SourceQuality "1"]

1. d4 Nf6 2. Bg5 d5 3. e3 Nbd7 4. Nf3 e6 5. Nbd2 Be7 6. Bd3 c5 7. c3 b6 8. Qa4 Bb7 9. Ne5 0-0 10. 0-0 Nxe5 11. dxe5 Nd7 12. Qh4 1-0

[Event "Kirov-ch"]
[Site "Kirov"]
[Date "2019.04.02"]
[Round "2"]
[White "Savinykh, Sergey"]
[Black "Zboev, Nikita"]
[Result "0-1"]
[WhiteElo "2029"]
[BlackElo "2227"]
[PlyCount "78"]
[EventDate "2019.04.01"]
[EventType "swiss"]
[EventRounds "9"]
[EventCountry "RUS"]
[SourceTitle "CBM 190 Extra"]
[Source "ChessBase"]
[SourceDate "2019.07.15"]
[SourceVersion "1"]
[SourceVersionDate "2019.07.15"]
[SourceQuality "1"]

1. e4 e5 2. Nf3 Nc6 3. Bb5 Nf6 4. 0-0 Nxe4 5. d4 Nd6 6. Bxc6 dxc6 7. dxe5 Nf5 8. Qxd8+ Kxd8 9. Nc3 Bd7 10. Bg5+ Kc8 11. Rad1 h6 12. Bc1 Be7 13. h3 Re8 14. Ne4 b6 15. c4 Bf8 16. Nc3 Ne7 17. Rfe1 Ng6 18. g4 a5 19. Kg2 a4 20. Kg3 a3 21. b3 Ra5 22. Bf4 Nxf4 23. Kxf4 g5+ 24. Kg3 Bg7 25. Rd3 Bxe5+ 26. Nxe5 Raxe5 27. Rxe5 Rxe5 28. Re3 Rxe3+ 29. fxe3 b5 30. cxb5 cxb5 31. b4 c5 32. bxc5 b4 33. Nd5 b3 34. Nc3 Be6 35. axb3 Bxb3 36. Kf3 Kd7 37. Ke4 a2 38. Nxa2 Bxa2 39. Ke5 Ke7 0-1

[Event "Kirov-ch FL"]
[Site "Kirov"]
[Date "2018.04.10"]
[Round "6"]
[White "Malyshev, Evgeny2222"]
[Black "Zboev, Nikita"]
[Result "1/2-1/2"]
[WhiteElo "1988"]
[BlackElo "2211"]
[PlyCount "35"]
[EventDate "2018.04.01"]
[EventType "tourn"]
[EventRounds "11"]
[EventCountry "RUS"]
[SourceTitle "EXT 2019"]
[Source "ChessBase"]
[SourceDate "2018.10.10"]
[SourceVersion "1"]
[SourceVersionDate "2018.10.10"]
[SourceQuality "1"]

1. d4 Nc6 2. Nf3 d5 3. c4 Bg4 4. cxd5 Bxf3 5. gxf3 Qxd5 6. e3 e5 7. Nc3 Bb4 8. Bd2 Bxc3 9. bxc3 Qd7 10. Qb3 b6 11. Bg2 Rb8 12. 0-0 Nf6 13. Qa3 Na5 14. dxe5 Nc4 15. Qxa7 0-0 16. exf6 Nxd2 17. Rfd1 Qc6 18. f4 1/2-1/2

[Event "Kirov-ch FL"]
[Site "Kirov"]
[Date "2018.04.01"]
[Round "1"]
[White "Zboev, Nikita"]
[Black "Fedorov, Ivan"]
[Result "1-0"]
[WhiteElo "2211"]
[BlackElo "1917"]
[PlyCount "106"]
[EventDate "2018.04.01"]
[EventType "tourn"]
[EventRounds "11"]
[EventCountry "RUS"]
[SourceTitle "EXT 2019"]
[Source "ChessBase"]
[SourceDate "2018.10.10"]
[SourceVersion "1"]
[SourceVersionDate "2018.10.10"]
[SourceQuality "1"]

1. d4 d5 2. Bg5 Nf6 3. Nd2 h6 4. Bxf6 exf6 5. e3 Bb4 6. Bd3 0-0 7. Qf3 Bxd2+ 8. Kxd2 c5 9. dxc5 Nc6 10. c3 b6 11. cxb6 Qxb6 12. b3 Re8 13. Qf4 Ba6 14. Bxa6 Re4 15. Qg3 Qxa6 16. Nf3 d4 17. Nxd4 Ne5 18. c4 Rd8 19. Rhd1 Nc6 20. Kc2 Nxd4+ 21. Rxd4 Rdxd4 22. exd4 Rxd4 23. Qe3 Rd6 24. a4 Re6 25. Qf3 Qd6 26. g3 Qe7 27. Rd1 Qa3 28. Qa8+ Kh7 29. Qxa7 Re2+ 30. Kc3 Qa2 31. Kb4 Rxf2 32. Qxf7 Rf3 33. c5 Qxh2 34. Rd7 Rxg3 35. Ka5 Rg5 36. b4 Qb8 37. Qe7 f5 38. Rd8 Qg3 39. c6 f4+ 40. b5 Qc3+ 41. Qb4 Qe3 42. Qd4 Qe1+ 43. Qd2 Qe5 44. Qd3+ Rg6 45. Kb6 Qf6 46. Kb7 f3 47. a5 f2 48. c7 f1Q 49. c8Q Qf7+ 50. Qc7 Qg2+ 51. Kb8 Qxc7+ 52. Kxc7 Qh2+ 53. Rd6 h5 1-0

[Event "Kirov-ch"]
[Site "Kirov"]
[Date "2015.04.09"]
[Round "7"]
[White "Zboev, Nikita"]
[Black "Trifonov, Pavel"]
[Result "0-1"]
[WhiteElo "2167"]
[BlackElo "2208"]
[PlyCount "42"]
[EventDate "2015.04.02"]
[EventType "tourn"]
[EventRounds "11"]
[EventCountry "RUS"]
[SourceTitle "CBM 166 Extra"]
[Source "ChessBase"]
[SourceDate "2015.06.18"]
[SourceVersion "1"]
[SourceVersionDate "2015.06.18"]
[SourceQuality "1"]

1. d4 d5 2. Nf3 Bf5 3. c4 e6 4. Qb3 Nc6 5. Qxb7 Nb4 6. Na3 Rb8 7. Qxa7 Ra8 8. Qb7 Rxa3 9. bxa3 Nc2+ 10. Kd1 Nxa1 11. Qb5+ Qd7 12. Qb8+ Qd8 13. Qb5+ Qd7 14. Qxd7+ Kxd7 15. Bb2 Nc2 16. Ne5+ Ke8 17. c5 f6 18. Nc6 Kd7 19. Na5 c6 20. e3 Nh6 21. Ba6 Bxc5 0-1

[Event "Kirov-ch"]
[Site "Kirov"]
[Date "2015.04.05"]
[Round "4"]
[White "Ljashenko, Konstantin"]
[Black "Zboev, Nikita"]
[Result "0-1"]
[WhiteElo "2068"]
[BlackElo "2167"]
[PlyCount "84"]
[EventDate "2015.04.02"]
[EventType "tourn"]
[EventRounds "11"]
[EventCountry "RUS"]
[SourceTitle "CBM 166 Extra"]
[Source "ChessBase"]
[SourceDate "2015.06.18"]
[SourceVersion "1"]
[SourceVersionDate "2015.06.18"]
[SourceQuality "1"]

1. e4 d6 2. d4 Nf6 3. f3 e5 4. Be3 Be7 5. d5 0-0 6. c4 Nh5 7. Qd2 f5 8. exf5 Bxf5 9. Nc3 Bg6 10. 0-0-0 a5 11. Nh3 Na6 12. Bd3 Qe8 13. Bxg6 Qxg6 14. Ne4 b6 15. Bg5 Bxg5 16. Qxg5 Qxg5+ 17. Nhxg5 Nf4 18. g3 Ne2+ 19. Kb1 Nc5 20. Rhf1 Nd4 21. f4 h6 22. Nxc5 bxc5 23. Ne6 Nxe6 24. dxe6 Rf5 25. fxe5 Rxe5 26. Rf7 Rf8 27. Rdf1 Rxf7 28. Rxf7 Rxe6 29. Rxc7 Re1+ 30. Kc2 Re2+ 31. Kb3 Rxh2 32. Re7 Rh3 33. Ka4 Rxg3 34. Kxa5 Rg2 35. Rb7 h5 36. a3 h4 37. b4 h3 38. bxc5 h2 39. c6 h1Q 40. c7 Rg5+ 41. Kb6 Qg1+ 42. Ka6 Rc5 0-1

[Event "Kirov-ch"]
[Site "Kirov"]
[Date "2015.04.04"]
[Round "3"]
[White "Zboev, Nikita"]
[Black "Savinykh, Sergey"]
[Result "1-0"]
[WhiteElo "2167"]
[BlackElo "2080"]
[PlyCount "81"]
[EventDate "2015.04.02"]
[EventType "tourn"]
[EventRounds "11"]
[EventCountry "RUS"]
[SourceTitle "CBM 166 Extra"]
[Source "ChessBase"]
[SourceDate "2015.06.18"]
[SourceVersion "1"]
[SourceVersionDate "2015.06.18"]
[SourceQuality "1"]

1. d4 Nf6 2. Bg5 Ne4 3. h4 d5 4. Nd2 Bf5 5. Nxe4 Bxe4 6. f3 h6 7. Bf4 Bh7 8. c4 Nc6 9. e3 e6 10. Qb3 Bb4+ 11. Kf2 0-0 12. cxd5 exd5 13. Bb5 Be7 14. h5 Na5 15. Qc3 c6 16. Bd3 Bxd3 17. Qxd3 Nc4 18. b3 Nd6 19. Ne2 Qd7 20. g4 Rfe8 21. Ng3 Bf8 22. g5 hxg5 23. Bxg5 Re6 24. Rag1 Rae8 25. Rh2 Qc7 26. Bf4 Qa5 27. Kg2 Qxa2+ 28. Kh1 Qa3 29. Rhg2 Rf6 30. h6 Rxf4 31. exf4 Re6 32. hxg7 Rh6+ 33. Rh2 Rxh2+ 34. Kxh2 Bxg7 35. Nh5 Ne8 36. Qe2 Kf8 37. Re1 Nd6 38. Qe7+ Kg8 39. Rg1 Qb2+ 40. Kh3 Nf5 41. Nf6+ 1-0

[Event "Kirov CC-ch 20th"]
[Site "Kirov"]
[Date "2015.03.01"]
[Round "6"]
[White "Savinykh, Sergey"]
[Black "Zboev, Nikita"]
[Result "1-0"]
[WhiteElo "2098"]
[BlackElo "2188"]
[PlyCount "85"]
[EventDate "2015.02.20"]
[EventType "tourn"]
[EventRounds "9"]
[EventCountry "RUS"]
[SourceTitle "EXT 2018"]
[Source "ChessBase"]
[SourceDate "2017.10.13"]
[SourceVersion "1"]
[SourceVersionDate "2017.10.13"]
[SourceQuality "1"]

1. e4 d6 2. d4 Nf6 3. Nc3 c6 4. f4 Qa5 5. Bd3 e5 6. Nf3 Nbd7 7. Qe2 Be7 8. Bd2 Qc7 9. 0-0-0 0-0 10. g4 exd4 11. Nxd4 Nc5 12. g5 Bg4 13. Nf3 Nfd7 14. Rhg1 Bh5 15. Rdf1 Rae8 16. Qg2 Nxd3+ 17. cxd3 d5 18. Qh3 Bxf3 19. Rxf3 Rd8 20. Qh4 Rfe8 21. f5 Bc5 22. Rgf1 Nf8 23. f6 Bd4 24. exd5 cxd5 25. Qxd4 Ne6 26. Qh4 d4 27. Rh3 Nf8 28. fxg7 Kxg7 29. Kb1 dxc3 30. Bxc3+ Kg8 31. Qh6 Re5 32. Bxe5 Qxe5 33. Qf6 Qd5 34. Rhf3 Rd7 35. h4 Ne6 36. Qf5 Qd6 37. Qe4 Qa6 38. h5 Rd4 39. Qf5 Rd7 40. g6 fxg6 41. hxg6 Qd6 42. gxh7+ Kh8 43. Rh3 1-0

[Event "Kirov Region-ch"]
[Site "Kirov"]
[Date "2014.10.17"]
[Round "8"]
[White "Zboev, Nikita"]
[Black "Kharitonov, Alexey"]
[Result "0-1"]
[WhiteElo "2172"]
[BlackElo "2211"]
[PlyCount "78"]
[EventDate "2014.10.10"]
[EventType "swiss"]
[EventRounds "9"]
[EventCountry "RUS"]
[SourceTitle "EXT 2018"]
[Source "ChessBase"]
[SourceDate "2017.10.13"]
[SourceVersion "1"]
[SourceVersionDate "2017.10.13"]
[SourceQuality "1"]

1. d4 d5 2. Nf3 c5 3. c4 e6 4. cxd5 exd5 5. Nc3 Nc6 6. g3 Nf6 7. Bg2 Be7 8. 0-0 0-0 9. b3 Ne4 10. Bb2 Bf6 11. Na4 b5 12. Nc3 Bf5 13. Nxb5 Qa5 14. Na3 cxd4 15. Ne1 Nd2 16. Nd3 Nxf1 17. Kxf1 Rac8 18. Nc2 Rfe8 19. b4 Qb6 20. Bxd5 Rcd8 21. Bb3 Ne7 22. Qd2 Nd5 23. Re1 Ne3+ 24. Kg1 Qc6 25. f3 h5 26. Rc1 Nc4 27. Bxc4 Qxc4 28. Nce1 Qxa2 29. Ra1 Qe6 30. Nf4 Qb6 31. Ned3 Bg5 32. Ra5 Bxf4 33. Qxf4 Bxd3 34. exd3 Qxb4 35. Rxa7 Qe1+ 36. Kg2 Re2+ 37. Kh3 Qf1+ 38. Kh4 Rxh2+ 39. Kg5 Rd5+ 0-1

[Event "Kirov Region-ch"]
[Site "Kirov"]
[Date "2014.10.10"]
[Round "1"]
[White "Zboev, Nikita"]
[Black "Kostitsyn, Genrikh"]
[Result "1-0"]
[WhiteElo "2172"]
[BlackElo "1914"]
[PlyCount "57"]
[EventDate "2014.10.10"]
[EventType "swiss"]
[EventRounds "9"]
[EventCountry "RUS"]
[SourceTitle "EXT 2018"]
[Source "ChessBase"]
[SourceDate "2017.10.13"]
[SourceVersion "1"]
[SourceVersionDate "2017.10.13"]
[SourceQuality "1"]

1. d4 c5 2. d5 e5 3. g3 d6 4. Bg2 g6 5. c4 Bg7 6. Nc3 a6 7. Nf3 Nf6 8. 0-0 0-0 9. Qc2 h6 10. Rb1 b5 11. b4 cxb4 12. Rxb4 a5 13. Rxb5 Ba6 14. Rb1 Bxc4 15. Nd2 Ba6 16. Ba3 Ne8 17. Rfc1 f5 18. Nb5 Rf7 19. e3 e4 20. Nc4 Rd7 21. Qd2 Bb7 22. Nd4 Ra6 23. Ne6 Qe7 24. Nb6 Be5 25. Nxd7 Qxd7 26. Bf1 Ra7 27. Bb5 Qe7 28. Bxe8 Qxe8 29. Rc7 1-0

[Event "Kirov Chudinovskikh Memorial-A 1st"]
[Site "Kirov"]
[Date "2014.07.01"]
[Round "7"]
[White "Zboev, Nikita"]
[Black "Tsarukian, Elis"]
[Result "1/2-1/2"]
[WhiteElo "2169"]
[BlackElo "2206"]
[PlyCount "77"]
[EventDate "2014.06.26"]
[EventType "tourn"]
[EventRounds "7"]
[EventCountry "RUS"]
[SourceTitle "EXT 2015"]
[Source "ChessBase"]
[SourceDate "2014.11.20"]
[SourceVersion "1"]
[SourceVersionDate "2014.11.20"]
[SourceQuality "1"]

1. b3 c5 2. Bb2 Nc6 3. e3 Nf6 4. Nf3 d5 5. Bb5 Bd7 6. 0-0 e6 7. Bxc6 Bxc6 8. Ne5 Rc8 9. d3 Bd6 10. Nd2 0-0 11. f4 b5 12. Nxc6 Rxc6 13. c4 bxc4 14. dxc4 Be7 15. Qe2 Nd7 16. e4 d4 17. e5 f5 18. exf6 Nxf6 19. Rad1 a5 20. Ne4 Nxe4 21. Qxe4 Qd7 22. a4 Rb6 23. Rd3 Qb7 24. Qxb7 Rxb7 25. Bc1 Bd6 26. h4 Rbf7 27. Rdf3 g6 28. Bd2 Bc7 29. R1f2 Rb8 30. Be1 Bd8 31. Re2 Bc7 32. Re4 Re7 33. Kf1 Kf7 34. Ke2 h5 35. Rd3 Kf6 36. Kf3 Kf5 37. Bd2 Ree8 38. Re1 Rb7 39. Rb1 1/2-1/2

[Event "Kirov Chudinovskikh Memorial-A 1st"]
[Site "Kirov"]
[Date "2014.06.28"]
[Round "3"]
[White "Tolkanov, Vladimir Aleksandro"]
[Black "Zboev, Nikita"]
[Result "1-0"]
[WhiteElo "2222"]
[BlackElo "2169"]
[PlyCount "51"]
[EventDate "2014.06.26"]
[EventType "tourn"]
[EventRounds "7"]
[EventCountry "RUS"]
[SourceTitle "EXT 2015"]
[Source "ChessBase"]
[SourceDate "2014.11.20"]
[SourceVersion "1"]
[SourceVersionDate "2014.11.20"]
[SourceQuality "1"]

1. e4 d6 2. d4 Nf6 3. Nc3 c6 4. f4 g6 5. Nf3 Bg7 6. Bd3 0-0 7. 0-0 a6 8. e5 dxe5 9. fxe5 Nd5 10. Nxd5 cxd5 11. Bf4 Nc6 12. c3 Qb6 13. Qd2 Bg4 14. Rae1 f6 15. Bh6 Bxf3 16. Bxg7 Kxg7 17. Rxf3 Nxe5 18. Rh3 Rf7 19. Qh6+ Kg8 20. Bf5 gxf5 21. Rxe5 Rg7 22. Rg3 Rxg3 23. Rxe7 Rxg2+ 24. Kh1 Rxh2+ 25. Qxh2 Kf8 26. Qxh7 1-0